| 000 | 00926cab a2200241 4500 | ||
|---|---|---|---|
| 001 | ABS57286 | ||
| 008 | 090401t1997 xxu||||| |||| 00| 0 eng d | ||
| 035 | _a(Sirsi) u79737 | ||
| 041 | _aeng | ||
| 245 | _aSpecial report: finance | ||
| 260 | _c1997 | ||
| 350 | _a0 | ||
| 490 |
_aEstates Gazette _v(9728) 12 July 1997, 46-63(7) |
||
| 520 | _aProfiles the Royal Bank of Scotland`s aggressive commercial property lending strategy. Overviews the current growth in the property lending market, asking whether lenders will learn from taking too high risks in the late 1980s. Explains how financial leases can provide tax protection and cheap capital investment. | ||
| 650 | _aAXA EQUITY & LAW | ||
| 650 | _aCAPITAL INVESTMENT | ||
| 650 | _aFINANCE LEASES | ||
| 650 | _aPROPERTY LENDING | ||
| 650 | _aROYAL BANK OF SCOTLAND | ||
| 690 | _aPROPERTY-PROPERTY FINANCE AND INVESTMENT | ||
| 942 | _n0 | ||
| 948 | _c21/07/1997 | ||
| 999 |
_c50163 _d50163 |
||